[Event "Corrientes Chess Open - 28 al 30 de Abril- www.corrienteschessopen.wordpress.com"]
[Site ""]
[Date "2018.04.28"]
[Round "1"]
[Board "1"]
[White "Hungaski, Robert"]
[Black "Werner, Bruno"]
[Result "1-0"]
[WhiteElo "2519"]
[BlackElo "1610"]
[PlyCount "45"]
[EventDate "2018.04.28"]
[EventRounds "6"]
[EventCountry "ARG"]

1. e4 e6 2. d4 d5 3. exd5 exd5 4. Qf3 Bd6 5. Nc3 Ne7 6. Be3 Bf5 7. O-O-O c6 8.
g4 Bg6 9. Nge2 a5 10. Nf4 b5 11. Nxg6 hxg6 12. h4 a4 13. h5 b4 14. hxg6 Nxg6
15. Rxh8+ Nxh8 16. Nxd5 b3 17. Nc3 a3 18. cxb3 axb2+ 19. Kxb2 Ba3+ 20. Kc2 Qb6
21. d5 c5 22. Bb5+ Kf8 23. d6 1-0

[Event "Corrientes Chess Open - 28 al 30 de Abril- www.corrienteschessopen.wordpress.com"]
[Site ""]
[Date "2018.04.28"]
[Round "1"]
[Board "2"]
[White "Pamies, Luciano"]
[Black "Rodriguez Vila, Andres"]
[Result "0-1"]
[WhiteElo "1587"]
[BlackElo "2473"]
[PlyCount "73"]
[EventDate "2018.04.28"]
[EventRounds "6"]
[EventCountry "ARG"]

1. d4 e6 2. c4 c5 3. d5 exd5 4. cxd5 Nf6 5. Nc3 Bd6 6. Bg5 Be5 7. Nf3 Bxc3+ 8.
bxc3 d6 9. e3 Nbd7 10. Be2 Qa5 11. O-O Ne4 12. c4 O-O 13. Bd3 Nxg5 14. Nxg5 h6
15. Ne4 Qc7 16. Qg4 f5 17. Qg6 fxe4 18. Bxe4 Nf6 19. Bd3 Qe7 20. Rae1 Bg4 21.
h3 Bh5 22. Qf5 Rae8 23. g4 Bf7 24. f3 Kh8 25. h4 Bg8 26. g5 Nxd5 27. Qg6 Nb4
28. Be4 Qe6 29. a3 Nc6 30. Qxe6 Bxe6 31. Rd1 Bxc4 32. Rf2 d5 33. Bxd5 Rd8 34.
Rfd2 Bxd5 35. Rxd5 Rxd5 36. Rxd5 Rxf3 37. gxh6 0-1

[Event "Corrientes Chess Open - 28 al 30 de Abril- www.corrienteschessopen.wordpress.com"]
[Site ""]
[Date "2018.04.28"]
[Round "1"]
[Board "3"]
[White "Sosa, Tomas"]
[Black "Oliva, Cristian"]
[Result "1-0"]
[WhiteElo "2451"]
[BlackElo "1583"]
[PlyCount "31"]
[EventDate "2018.04.28"]
[EventRounds "6"]
[EventCountry "ARG"]

1. e4 c5 2. Nf3 d6 3. Bb5+ Bd7 4. Bxd7+ Qxd7 5. O-O Nc6 6. c3 e6 7. d4 d5 8.
exd5 Qxd5 9. Be3 cxd4 10. cxd4 Nf6 11. Nc3 Qh5 12. Qb3 O-O-O 13. Rac1 Kb8 14.
Nb5 Qd5 15. Bf4+ Bd6 16. Qxd5 1-0

[Event "Corrientes Chess Open - 28 al 30 de Abril- www.corrienteschessopen.wordpress.com"]
[Site ""]
[Date "2018.04.28"]
[Round "1"]
[Board "4"]
[White "Thea, Osvaldo"]
[Black "Perez, Maximiliano"]
[Result "0-1"]
[WhiteElo "1557"]
[BlackElo "2394"]
[PlyCount "46"]
[EventDate "2018.04.28"]
[EventRounds "6"]
[EventCountry "ARG"]

1. d4 Nf6 2. c4 g6 3. Nc3 Bg7 4. e4 d6 5. f3 O-O 6. Be3 Nc6 7. Qd2 a6 8. Nge2
Na5 9. Nc1 Nd7 10. Bd3 c5 11. N1e2 b5 12. cxb5 axb5 13. Bxb5 Nb3 14. Qd1 Nxa1
15. Qxa1 cxd4 16. Nxd4 Bb7 17. O-O Nc5 18. Qb1 Ne6 19. Nc6 Bxc6 20. Bxc6 Rb8
21. Na4 Bd4 22. Qd3 Qc7 23. Bxd4 Qxc6 0-1

[Event "Corrientes Chess Open - 28 al 30 de Abril- www.corrienteschessopen.wordpress.com"]
[Site ""]
[Date "2018.04.28"]
[Round "1"]
[Board "5"]
[White "Manzone, Alessandro"]
[Black "Arce Escobar, Fernando"]
[Result "1-0"]
[WhiteElo "2383"]
[BlackElo "1537"]
[PlyCount "77"]
[EventDate "2018.04.28"]
[EventRounds "6"]
[EventCountry "ARG"]

1. d4 d6 2. Nf3 g6 3. g3 Bg7 4. Bg2 Nd7 5. O-O Ngf6 6. c4 O-O 7. Nc3 e5 8. e4
Re8 9. Re1 a6 10. b3 c6 11. d5 c5 12. a3 Rb8 13. b4 b6 14. Rb1 Qc7 15. Qb3 Rb7
16. Bf1 Nf8 17. h3 h6 18. Bd2 Re7 19. bxc5 bxc5 20. Qa4 N6h7 21. Rxb7 Bxb7 22.
Rb1 f5 23. Qb3 Nf6 24. exf5 gxf5 25. Nh4 Bc8 26. Qb8 Ne8 27. Qxc7 Rxc7 28. Na4
Bf6 29. Bxh6 Bxh4 30. gxh4 Ng6 31. Bg5 Rg7 32. Kh2 Rh7 33. Rb8 Bd7 34. Nb6 Kf8
35. h5 Nf4 36. Bxf4 exf4 37. Bd3 Re7 38. Nxd7+ Rxd7 39. Bxf5 1-0

[Event "Corrientes Chess Open - 28 al 30 de Abril- www.corrienteschessopen.wordpress.com"]
[Site ""]
[Date "2018.04.28"]
[Round "1"]
[Board "6"]
[White "Sanabria, Walter"]
[Black "Tempone, Marcelo"]
[Result "0-1"]
[WhiteElo "1525"]
[BlackElo "2375"]
[PlyCount "66"]
[EventDate "2018.04.28"]
[EventRounds "6"]
[EventCountry "ARG"]

1. e4 c6 2. d4 d5 3. e5 Bf5 4. Nf3 e6 5. Nbd2 Ne7 6. c4 Ng6 7. g3 Nd7 8. Qb3
Qb6 9. c5 Qc7 10. Bg2 b6 11. cxb6 Qxb6 12. O-O Be7 13. h4 h5 14. Qe3 c5 15. Nb3
c4 16. Nbd2 Rc8 17. Re1 Bb4 18. a3 Ba5 19. b4 cxb3 20. Bb2 Bc2 21. Rec1 Ne7 22.
Qg5 Nf5 23. Bh3 O-O 24. Qxh5 Bxd2 25. Bxf5 Bxf5 26. Nxd2 Rc2 27. Rxc2 bxc2 28.
Bc1 Qxd4 29. Ra2 Rb8 30. Nf3 Qd1+ 31. Kh2 Nxe5 32. Kg2 Nxf3 33. Qxf3 Be4 0-1

[Event "Corrientes Chess Open - 28 al 30 de Abril- www.corrienteschessopen.wordpress.com"]
[Site ""]
[Date "2018.04.28"]
[Round "1"]
[Board "7"]
[White "Benedetti, Julio"]
[Black "Munch, Franco"]
[Result "1-0"]
[WhiteElo "2335"]
[BlackElo "1506"]
[PlyCount "61"]
[EventDate "2018.04.28"]
[EventRounds "6"]
[EventCountry "ARG"]

1. e4 c6 2. Nf3 d5 3. exd5 cxd5 4. Ne5 Nf6 5. d4 e6 6. Nd2 Bb4 7. c3 Bd6 8.
Ndf3 Ne4 9. Bd3 Nd7 10. Qe2 Qc7 11. Bxe4 dxe4 12. Qxe4 Nf6 13. Qe2 b6 14. O-O
Bb7 15. Qb5+ Nd7 16. Re1 O-O-O 17. Nxf7 Kb8 18. N3g5 Bc6 19. Qf1 Bxh2+ 20. Kh1
Nf6 21. Nxd8 Qxd8 22. Kxh2 Ng4+ 23. Kg1 Qc7 24. f4 h6 25. Nxe6 Qf7 26. f5 Qh5
27. Qf4+ Kb7 28. Qc7+ Ka6 29. Qxc6 Re8 30. Nc7+ Ka5 31. b4# 1-0

[Event "Corrientes Chess Open - 28 al 30 de Abril- www.corrienteschessopen.wordpress.com"]
[Site ""]
[Date "2018.04.28"]
[Round "1"]
[Board "8"]
[White "Rodriguez, Emiliano"]
[Black "Robledo, Cristian"]
[Result "0-1"]
[WhiteElo "1245"]
[BlackElo "2329"]
[PlyCount "54"]
[EventDate "2018.04.28"]
[EventRounds "6"]
[EventCountry "ARG"]

1. e4 c5 2. Nc3 a6 3. a4 e6 4. Nge2 b6 5. g3 Bb7 6. Bg2 Nf6 7. O-O d5 8. e5
Nfd7 9. f4 Nc6 10. g4 g6 11. h3 Bg7 12. b3 h5 13. g5 Ne7 14. d4 Qc7 15. Bb2 Rc8
16. Qd2 Nf5 17. Bh1 Bf8 18. Nd1 cxd4 19. Nxd4 Nxd4 20. Bxd4 Qxc2 21. Qxc2 Rxc2
22. Ne3 Rd2 23. Rfd1 Rxd1+ 24. Rxd1 Bc5 25. Nc2 Ke7 26. b4 Bxd4+ 27. Nxd4 Rc8
 0-1

[Event "Corrientes Chess Open - 28 al 30 de Abril- www.corrienteschessopen.wordpress.com"]
[Site ""]
[Date "2018.04.28"]
[Round "2"]
[Board "4"]
[White "Perez, Maximiliano"]
[Black "Garcia Gorostegui, Ezequiel"]
[Result "1-0"]
[WhiteElo "2394"]
[BlackElo "1909"]
[PlyCount "124"]
[EventDate "2018.04.28"]
[EventRounds "6"]
[EventCountry "ARG"]

1. e4 Nf6 2. e5 Nd5 3. d4 d6 4. c4 Nb6 5. exd6 exd6 6. Nc3 Be7 7. Nf3 Bg4 8.
Be2 c6 9. b3 O-O 10. O-O d5 11. c5 N6d7 12. Be3 Re8 13. h3 Bxf3 14. Bxf3 Nf8
15. Qd2 Ne6 16. Rfe1 Bf6 17. b4 a6 18. a4 Nd7 19. Rab1 Ndf8 20. Bg4 g6 21. g3
Bh8 22. f4 f5 23. Bf3 Qd7 24. Red1 Re7 25. Bf2 h5 26. b5 axb5 27. axb5 Nh7 28.
bxc6 bxc6 29. Rb6 Nf6 30. Kg2 Ne4 31. Bxe4 fxe4 32. Be3 Rf8 33. Qe2 h4 34. Qg4
hxg3 35. Ne2 Ref7 36. Rdb1 Nd8 37. Nxg3 Qxg4 38. hxg4 Ra7 39. f5 gxf5 40. Nxf5
Bf6 41. R1b3 Kf7 42. g5 Ke6 43. Ng3 Be7 44. Kh3 Ra2 45. Kg4 Rg2 46. Bf4 Rg8 47.
Rb8 Kf7 48. Ra3 Ne6 49. Rxg8 Kxg8 50. g6 Nxf4 51. Kxf4 Bf6 52. Ra6 Rf2+ 53. Kg4
Bxd4 54. Rxc6 Be5 55. Nh5 e3 56. Re6 Bd4 57. c6 Bb6 58. Nf6+ Kg7 59. Nxd5 Ba5
60. Nf4 e2 61. Nxe2 Rf6 62. Rxf6 Kxf6 1-0

[Event "Corrientes Chess Open - 28 al 30 de Abril- www.corrienteschessopen.wordpress.com"]
[Site ""]
[Date "2018.04.28"]
[Round "2"]
[Board "5"]
[White "Fernandez, Eduardo"]
[Black "Manzone, Alessandro"]
[Result "0-1"]
[WhiteElo "1888"]
[BlackElo "2383"]
[PlyCount "70"]
[EventDate "2018.04.28"]
[EventRounds "6"]
[EventCountry "ARG"]

1. e4 c5 2. Nf3 e6 3. d3 Nc6 4. g3 g6 5. Bg2 Bg7 6. O-O Nge7 7. c3 e5 8. Na3
O-O 9. Bg5 h6 10. Be3 b6 11. Qd2 Kh7 12. d4 exd4 13. cxd4 d5 14. exd5 Nxd5 15.
dxc5 Nxe3 16. Qxe3 Ba6 17. Rfd1 Qe8 18. Qb3 bxc5 19. Qa4 Nb4 20. Qa5 Rb8 21.
Rd2 Qe6 22. Qxc5 Nd3 23. Qa5 Bxb2 24. Rad1 Rfc8 25. Nb1 Rc5 26. Qxa6 Qxa6 27.
Rxd3 Rc1 28. Bf1 Rxd1 29. Rxd1 Qxa2 30. Nbd2 Rd8 31. Re1 Bc3 32. Bc4 Qa4 33.
Re7 Bxd2 34. Rxf7+ Kh8 35. Ne5 Qa1+ 0-1

[Event "Corrientes Chess Open - 28 al 30 de Abril- www.corrienteschessopen.wordpress.com"]
[Site ""]
[Date "2018.04.28"]
[Round "2"]
[Board "6"]
[White "Tempone, Marcelo"]
[Black "Mariscal, Carlos Jesus"]
[Result "1-0"]
[WhiteElo "2375"]
[BlackElo "1883"]
[PlyCount "47"]
[EventDate "2018.04.28"]
[EventRounds "6"]
[EventCountry "ARG"]

1. d4 d5 2. c4 e6 3. Nf3 c6 4. e3 Nd7 5. Nbd2 Ngf6 6. Bd3 Bd6 7. O-O O-O 8. e4
dxe4 9. Nxe4 Nxe4 10. Bxe4 Nf6 11. Bc2 h6 12. b3 c5 13. Bb2 cxd4 14. Qxd4 Be7
15. Qf4 Bd7 16. Rad1 Qc8 17. Ne5 Bc6 18. Ng4 Ne8 19. Nxh6+ Kh8 20. Nxf7+ Kg8
21. Nh6+ gxh6 22. Qxh6 Rf6 23. Bg6 e5 24. Qh7+ 1-0

[Event "Corrientes Chess Open - 28 al 30 de Abril- www.corrienteschessopen.wordpress.com"]
[Site ""]
[Date "2018.04.28"]
[Round "2"]
[Board "7"]
[White "Aguilar Samper, Valentin"]
[Black "Benedetti, Julio"]
[Result "0-1"]
[WhiteElo "1874"]
[BlackElo "2335"]
[PlyCount "115"]
[EventDate "2018.04.28"]
[EventRounds "6"]
[EventCountry "ARG"]

1. Nf3 c5 2. c4 Nc6 3. g3 e5 4. Nc3 g6 5. Bg2 Bg7 6. O-O Nge7 7. b3 a6 8. Bb2
Rb8 9. Rb1 O-O 10. d3 b5 11. Ne1 b4 12. Nd5 Nxd5 13. Bxd5 Ne7 14. Bg2 f5 15.
Nc2 Bb7 16. e3 d6 17. Bxb7 Rxb7 18. d4 Qa5 19. Ra1 Qb6 20. d5 a5 21. Ne1 a4 22.
bxa4 Ra8 23. Nf3 h6 24. Qb3 Qa6 25. a5 Qxa5 26. a3 Qa4 27. Qxa4 Rxa4 28. Nd2
bxa3 29. Bxa3 e4 30. Bb2 Rxa1 31. Bxa1 Bxa1 32. Rxa1 Rb2 33. Rd1 g5 34. Kf1 Ng6
35. Ke1 Ne5 36. h3 h5 37. h4 gxh4 38. gxh4 Kf7 39. Ra1 Nd3+ 40. Ke2 f4 41. exf4
Nxf4+ 42. Kd1 Kf6 43. Nxe4+ Ke5 44. f3 Ng2 45. Ra8 Ne3+ 46. Kc1 Rc2+ 47. Kb1
Rxc4 48. Rh8 Rb4+ 49. Kc1 Kd4 50. Rxh5 Nxd5 51. Nxd6 Nf4 52. Rf5 Kd3 53. Rxf4
Rxf4 54. Ne4 c4 55. h5 Rxf3 56. Nc5+ Kd4 57. Ne6+ Ke5 58. Ng5 0-1

[Event "Corrientes Chess Open - 28 al 30 de Abril- www.corrienteschessopen.wordpress.com"]
[Site ""]
[Date "2018.04.28"]
[Round "2"]
[Board "8"]
[White "Robledo, Cristian"]
[Black "Lingiardi, Oscar"]
[Result "1/2-1/2"]
[WhiteElo "2329"]
[BlackElo "1867"]
[PlyCount "125"]
[EventDate "2018.04.28"]
[EventRounds "6"]
[EventCountry "ARG"]

1. d4 Nf6 2. Bg5 d5 3. c4 e6 4. Nc3 Nbd7 5. cxd5 exd5 6. e3 c6 7. Bd3 Be7 8.
Nge2 Nh5 9. Bxe7 Qxe7 10. Qc2 h6 11. O-O-O Nb6 12. Kb1 Bd7 13. h3 Nf6 14. g4
O-O-O 15. Ng3 Kb8 16. Rhe1 g6 17. f3 Qd6 18. Nf1 h5 19. g5 Ne8 20. h4 Nc7 21.
Qf2 Rhe8 22. Ng3 c5 23. f4 c4 24. Bc2 Nb5 25. Nge2 Qb4 26. Nxb5 Bxb5 27. a3 Qd6
28. Nc3 Bd7 29. e4 dxe4 30. Nxe4 Qc7 31. Nc5 Bg4 32. Rc1 Qd6 33. Re5 Nd7 34.
Nxd7+ Qxd7 35. Be4 Rxe5 36. dxe5 Bf5 37. Bxf5 Qxf5+ 38. Ka1 Qd3 39. Rc3 Qd1+
40. Ka2 Qd5 41. Qg3 Qe6 42. Qe3 Qd5 43. Qe2 Rc8 44. f5 Re8 45. fxg6 fxg6 46.
Qc2 Re6 47. Qf2 a6 48. Qf4 Qxe5 49. Qxc4 Re8 50. Rb3 Qe6 51. Qf4+ Ka8 52. Qc7
Qe4 53. Qd6 Qe6 54. Qb4 Qd5 55. Qb6 Re6 56. Qf2 a5 57. Qf8+ Ka7 58. Qf2+ Ka8
59. Qf4 Re4 60. Qf8+ Ka7 61. Qf2+ Ka8 62. Qf8+ Ka7 63. Qf2+ 1/2-1/2

[Event "Corrientes Chess Open - 28 al 30 de Abril- www.corrienteschessopen.wordpress.com"]
[Site ""]
[Date "2018.04.28"]
[Round "2"]
[Board "9"]
[White "Sosa, Arnaldo Javier"]
[Black "Belmonte, Diego Mariano"]
[Result "0-1"]
[WhiteElo "1837"]
[BlackElo "2318"]
[PlyCount "50"]
[EventDate "2018.04.28"]
[EventRounds "6"]
[EventCountry "ARG"]

1. d4 f5 2. Nf3 Nf6 3. Bf4 d6 4. h3 g6 5. e3 Bg7 6. Bc4 e6 7. c3 Qe7 8. Nbd2
Nc6 9. Qc2 Bd7 10. a3 O-O 11. O-O Kh8 12. Ba2 Rae8 13. Rad1 Bc8 14. Bh2 Nh5 15.
h4 Bf6 16. c4 e5 17. c5 f4 18. dxe5 dxe5 19. exf4 exf4 20. Rfe1 Qg7 21. b4 Bg4
22. Qc4 Nd4 23. Rc1 Be6 24. Rxe6 Nxe6 25. Ne4 Nd4 0-1

[Event "Corrientes Chess Open - 28 al 30 de Abril- www.corrienteschessopen.wordpress.com"]
[Site ""]
[Date "2018.04.29"]
[Round "3"]
[Board "1"]
[White "Flores Tomasto, Luis"]
[Black "Hungaski, Robert"]
[Result "1/2-1/2"]
[WhiteElo "2211"]
[BlackElo "2519"]
[PlyCount "166"]
[EventDate "2018.04.28"]
[EventRounds "6"]
[EventCountry "ARG"]

1. e4 e5 2. Nf3 Nc6 3. Bb5 a6 4. Ba4 Nf6 5. O-O Be7 6. Re1 b5 7. Bb3 d6 8. c3
O-O 9. h3 Na5 10. Bc2 c5 11. d4 Qc7 12. Nbd2 Nc6 13. d5 Na5 14. Nf1 Bd7 15. b3
Nb7 16. c4 bxc4 17. bxc4 Rfb8 18. Bd2 g6 19. Rb1 Nd8 20. Re3 Rxb1 21. Qxb1 Rb8
22. Rb3 Rxb3 23. axb3 a5 24. Ng3 Ne8 25. Qa1 Nb7 26. Ne1 Qd8 27. f4 Bf6 28. f5
Bg5 29. Qc1 Bxd2 30. Qxd2 Qh4 31. Kf2 Kg7 32. Nf3 Qh6 33. Qxh6+ Kxh6 34. Ne2
Kg7 35. g4 f6 36. Ke3 Nd8 37. Kf2 Nf7 38. Ng3 Nc7 39. Nd2 Nh6 40. Kf3 g5 41.
Ke3 Ng8 42. Nb1 Ne7 43. Nc3 Nc8 44. Na4 Be8 45. Ne2 Kf8 46. Nec3 Ke7 47. Bd3
Na8 48. Bc2 Kd8 49. Kd3 Kc7 50. Bd1 Kb7 51. Kd2 Nc7 52. Be2 Na6 53. Kc2 Nb4+
54. Kb2 Bd7 55. Nb5 Na6 56. Nac3 Bxb5 57. Nxb5 Nc7 58. Nxc7 Kxc7 59. Ka3 Kb6
60. Bd3 Ka6 61. Be2 Nb6 62. Bd1 a4 63. Bc2 Ka5 64. Bd1 axb3 65. Bxb3 Nd7 66.
Ba4 Nb6 67. Bb5 Na8 68. Bc6 Nc7 69. Bb7 Kb6 70. Bc8 Ka5 71. Bb7 Ne8 72. Bc6 Ng7
73. Bb5 h5 74. Bc6 h4 75. Ba4 Kb6 76. Kb2 Ka6 77. Ka2 Kb7 78. Kb2 Kc7 79. Ka3
Kd8 80. Kb2 Ke7 81. Ka3 Kd8 82. Kb2 Kc7 83. Ka2 Kd8 1/2-1/2

[Event "Corrientes Chess Open - 28 al 30 de Abril- www.corrienteschessopen.wordpress.com"]
[Site ""]
[Date "2018.04.29"]
[Round "3"]
[Board "2"]
[White "Lares, Agustin Jose"]
[Black "Rodriguez Vila, Andres"]
[Result "0-1"]
[WhiteElo "2162"]
[BlackElo "2473"]
[PlyCount "48"]
[EventDate "2018.04.28"]
[EventRounds "6"]
[EventCountry "ARG"]

1. e4 e5 2. Nf3 Nc6 3. Bb5 a6 4. Ba4 Nf6 5. O-O b5 6. Bb3 Bc5 7. d3 d6 8. a4
Rb8 9. axb5 axb5 10. Be3 O-O 11. Nbd2 h6 12. h3 Bxe3 13. fxe3 d5 14. exd5 Nxd5
15. Qe1 Be6 16. Ra6 Ndb4 17. Ra3 Bxb3 18. Rxb3 Nxc2 19. Qc1 N2b4 20. Qc3 Qe7
21. Ne4 Rfd8 22. Rxb4 Nxb4 23. Nxe5 Nxd3 24. Nc6 Qxe4 0-1

[Event "Corrientes Chess Open - 28 al 30 de Abril- www.corrienteschessopen.wordpress.com"]
[Site ""]
[Date "2018.04.29"]
[Round "3"]
[Board "3"]
[White "Sosa, Tomas"]
[Black "Penafiel, Horacio"]
[Result "1/2-1/2"]
[WhiteElo "2451"]
[BlackElo "2195"]
[PlyCount "66"]
[EventDate "2018.04.28"]
[EventRounds "6"]
[EventCountry "ARG"]

1. e4 e6 2. d4 d5 3. Nd2 Nf6 4. e5 Nfd7 5. Bd3 c5 6. c3 Nc6 7. Ne2 cxd4 8. cxd4
f6 9. exf6 Nxf6 10. O-O Bd6 11. Nf3 O-O 12. Bf4 Bxf4 13. Nxf4 Ne4 14. Qc1 Ng5
15. Nxg5 Qxg5 16. Bxh7+ Kxh7 17. Nxe6 Qxc1 18. Nxf8+ Kg8 19. Raxc1 Kxf8 20.
Rfe1 Bf5 21. f3 g5 22. g4 Bg6 23. Rcd1 Kf7 24. a3 Kf6 25. b4 a6 26. Re3 Rc8 27.
Kg2 Nd8 28. Kg3 Ne6 29. Rd2 Rc4 30. Re5 Rc3 31. Kf2 Nf4 32. Re3 Nh3+ 33. Ke2
Nf4+ 1/2-1/2

[Event "Corrientes Chess Open - 28 al 30 de Abril- www.corrienteschessopen.wordpress.com"]
[Site ""]
[Date "2018.04.29"]
[Round "4"]
[Board "4"]
[White "Hungaski, Robert"]
[Black "Jimenez, Joaquin"]
[Result "0-1"]
[WhiteElo "2519"]
[BlackElo "2227"]
[PlyCount "83"]
[EventDate "2018.04.28"]
[EventRounds "6"]
[EventCountry "ARG"]

1. c4 e6 2. Nc3 d5 3. d4 Be7 4. cxd5 exd5 5. Bf4 c6 6. e3 Bf5 7. g4 Be6 8. Bd3
Nd7 9. h3 h5 10. gxh5 Ndf6 11. Qf3 Rxh5 12. Qg2 g6 13. Nge2 Qd7 14. h4 Rh7 15.
O-O-O Nh5 16. Be5 Ngf6 17. f3 Bd6 18. Bc2 O-O-O 19. e4 dxe4 20. fxe4 Ng4 21.
Bxd6 Ne3 22. Qg5 Nxd1 23. e5 Nxc3 24. Nxc3 Bf5 25. Ba4 f6 26. Qe3 Re8 27. Qf2
Qg7 28. d5 Qh6+ 29. Kd1 Qf4 30. Qxa7 Qf3+ 31. Kd2 Qg2+ 32. Ke3 Qg3+ 33. Kd2
Qg2+ 34. Kc1 Qxh1+ 35. Bd1 Rc7 36. Bxc7 Kxc7 37. d6+ Kd7 38. Qxb7+ Ke6 39. Nb5
Bg4 40. Nd4+ Kd5 41. Nxc6 Ke6 42. Qb4 0-1

[Event "Corrientes Chess Open - 28 al 30 de Abril- www.corrienteschessopen.wordpress.com"]
[Site ""]
[Date "2018.04.29"]
[Round "4"]
[Board "5"]
[White "Perez, Daniel"]
[Black "Sosa, Tomas"]
[Result "0-1"]
[WhiteElo "2084"]
[BlackElo "2451"]
[PlyCount "60"]
[EventDate "2018.04.28"]
[EventRounds "6"]
[EventCountry "ARG"]

1. e4 c5 2. Nf3 Nc6 3. c4 g6 4. d4 cxd4 5. Nxd4 Bg7 6. Be3 Nf6 7. Nc3 O-O 8.
Be2 d6 9. Qd2 Nxd4 10. Bxd4 Be6 11. Rc1 Qa5 12. f3 Rfc8 13. b3 a6 14. Be3 b5
15. Nd5 Nxd5 16. Qxa5 Nxe3 17. Kf2 Bd4 18. Kg3 f5 19. cxb5 Rf8 20. h3 fxe4 21.
Kh2 Be5+ 22. Kg1 axb5 23. Qd2 Nf5 24. fxe4 Bd4+ 25. Kh2 Be3 26. Qb2 Bf4+ 27. g3
Bxg3+ 28. Kg1 Be5 29. Qd2 Bd4+ 30. Kg2 Ne3+ 0-1

[Event "Corrientes Chess Open - 28 al 30 de Abril- www.corrienteschessopen.wordpress.com"]
[Site ""]
[Date "2018.04.29"]
[Round "4"]
[Board "6"]
[White "Tempone, Marcelo"]
[Black "Alvarez, Leandro"]
[Result "1-0"]
[WhiteElo "2375"]
[BlackElo "2100"]
[PlyCount "75"]
[EventDate "2018.04.28"]
[EventRounds "6"]
[EventCountry "ARG"]

1. c4 Nf6 2. Nf3 g6 3. b3 Bg7 4. Bb2 O-O 5. g3 d6 6. d4 e5 7. dxe5 Ng4 8. Qd2
Nxe5 9. Bg2 Nbc6 10. O-O Re8 11. Nc3 Bf5 12. Nh4 Be6 13. Nd5 Bxd5 14. cxd5 Ne7
15. Rac1 Rc8 16. e4 c5 17. dxc6 N7xc6 18. h3 Qb6 19. Kh2 Nb4 20. Bc3 Ned3 21.
Bxg7 Kxg7 22. Rxc8 Rxc8 23. Qg5 f6 24. Qg4 Rf8 25. Qe2 Qa6 26. Rd1 Nc5 27. Qd2
Nxa2 28. b4 Nb3 29. Qc2 Qa3 30. Rxd6 Nxb4 31. Rd7+ Rf7 32. Qc7 Rxd7 33. Qxd7+
Kg8 34. Qd8+ Kg7 35. Qe7+ Kg8 36. e5 Nc2 37. Bd5+ Kh8 38. Qxf6# 1-0

[Event "Corrientes Chess Open - 28 al 30 de Abril- www.corrienteschessopen.wordpress.com"]
[Site ""]
[Date "2018.04.29"]
[Round "4"]
[Board "7"]
[White "Butti, Osvaldo."]
[Black "Benedetti, Julio"]
[Result "0-1"]
[WhiteElo "2069"]
[BlackElo "2335"]
[PlyCount "64"]
[EventDate "2018.04.28"]
[EventRounds "6"]
[EventCountry "ARG"]

1. e4 c5 2. Nf3 a6 3. d4 cxd4 4. Nxd4 e5 5. Nf3 Nf6 6. Bc4 Qc7 7. Bb3 Bb4+ 8.
c3 Bc5 9. Ng5 O-O 10. Nd2 h6 11. h4 d5 12. exd5 Bg4 13. f3 hxg5 14. hxg5 e4 15.
d6 Qxd6 16. Nf1 exf3 17. Qxd6 f2+ 18. Kd2 Ne4+ 19. Kd3 Nxd6 20. Ne3 Be6 21. Nd5
Bf5+ 22. Ke2 Bg4+ 23. Kd3 Re8 24. Bf4 Bf5+ 25. Kd2 Ne4+ 26. Kc1 Rd8 27. Bc7 Rd7
28. Bb6 Bxb6 29. Nxb6 Ng3 30. Nxd7 Nxh1 31. Kd2 Nxd7 32. Rxh1 Nc5 0-1

[Event "Corrientes Chess Open - 28 al 30 de Abril- www.corrienteschessopen.wordpress.com"]
[Site ""]
[Date "2018.04.29"]
[Round "4"]
[Board "8"]
[White "Robledo, Cristian"]
[Black "Blanco, Marcos"]
[Result "1-0"]
[WhiteElo "2329"]
[BlackElo "2073"]
[PlyCount "87"]
[EventDate "2018.04.28"]
[EventRounds "6"]
[EventCountry "ARG"]

1. d4 Nf6 2. c4 e6 3. a3 b6 4. Nc3 Bb7 5. Bg5 Be7 6. f3 d5 7. e3 O-O 8. Nh3 c5
9. dxc5 Bxc5 10. b4 Be7 11. Rc1 a5 12. Be2 axb4 13. axb4 Bxb4 14. O-O h6 15.
Bf4 Nbd7 16. Qb3 Bc5 17. Nb5 Qe7 18. Kh1 Nh5 19. Rfe1 e5 20. Bg3 Nxg3+ 21. hxg3
Nf6 22. Rcd1 Kh8 23. cxd5 g5 24. g4 Rg8 25. d6 Qd7 26. Bc4 Rg7 27. Qb2 h5 28.
Qxe5 hxg4 29. Nxg5 Rg6 30. Nxf7+ Kg7 31. f4 Re8 32. Qc3 g3 33. Kg1 Re4 34. Nc7
Rxc4 35. Qxc4 Qc6 36. Ne6+ Kg8 37. Rd2 Bxe3+ 38. Rxe3 Qxc4 39. Rde2 Qc1+ 40.
Re1 Qc6 41. R1e2 Nd7 42. Nfd8 Qd5 43. Nc7 Qd4 44. Re1 1-0

[Event "Corrientes Chess Open - 28 al 30 de Abril- www.corrienteschessopen.wordpress.com"]
[Site ""]
[Date "2018.04.29"]
[Round "4"]
[Board "9"]
[White "Besso, Guadalupe"]
[Black "Belmonte, Diego Mariano"]
[Result "0-1"]
[WhiteElo "2050"]
[BlackElo "2318"]
[PlyCount "86"]
[EventDate "2018.04.28"]
[EventRounds "6"]
[EventCountry "ARG"]

1. d4 e6 2. c4 f5 3. g3 Nf6 4. Bg2 g6 5. Nh3 Bg7 6. O-O O-O 7. Qc2 Nc6 8. d5
Nb4 9. Qd1 Qe7 10. Nc3 d6 11. a3 Na6 12. dxe6 c6 13. Bf4 Rd8 14. Re1 Bxe6 15.
e4 Qd7 16. exf5 Bxf5 17. Ng5 Nc5 18. Nge4 Nfxe4 19. Nxe4 Nxe4 20. Bxe4 Bxe4 21.
Rxe4 Bxb2 22. Ra2 d5 23. cxd5 cxd5 24. Re2 Bf6 25. Qb3 Rac8 26. Rad2 Rc3 27.
Qb4 Rc1+ 28. Kg2 Bc3 29. Qb3 Bxd2 30. Bxd2 Rc4 31. Qd3 Re4 32. Be3 Qc6 33. f3
Qc4 34. Qd1 Re6 35. Rc2 Qb3 36. Bg5 Rc6 37. Rd2 Qxd1 38. Rxd1 Rd7 39. Rd3 d4
40. Bd2 Kf7 41. f4 Ke6 42. g4 Kd5 43. Kf2 Rc2 0-1

[Event "Corrientes Chess Open - 28 al 30 de Abril- www.corrienteschessopen.wordpress.com"]
[Site ""]
[Date "2018.04.30"]
[Round "5"]
[Board "1"]
[White "Manzone, Alessandro"]
[Black "Contin, Daniel"]
[Result "0-1"]
[WhiteElo "2383"]
[BlackElo "2256"]
[PlyCount "128"]
[EventDate "2018.04.28"]
[EventRounds "6"]
[EventCountry "ARG"]

1. d4 Nf6 2. c4 g6 3. Nf3 Bg7 4. g3 c5 5. Bg2 Qa5+ 6. Qd2 Qxd2+ 7. Nbxd2 cxd4
8. Nxd4 O-O 9. b3 d5 10. Bb2 Nc6 11. O-O Rd8 12. cxd5 Nxd4 13. Bxd4 Nxd5 14.
Bxg7 Kxg7 15. Nc4 Nc3 16. Bf3 Rb8 17. Rfc1 Nb5 18. e3 Be6 19. a4 Nc7 20. Na5
Nd5 21. Rd1 Kf6 22. Kg2 Rd7 23. Rd4 b6 24. Nc4 Rbd8 25. Rc1 g5 26. h3 Nb4 27.
Nd6 Rxd6 28. Rxb4 a5 29. Rb5 Bd7 30. Rd5 Rxd5 31. Bxd5 Bxh3+ 32. Kxh3 Rxd5 33.
Rc6+ Rd6 34. Rc7 h5 35. Rb7 g4+ 36. Kg2 Re6 37. Rb8 Rc6 38. Rh8 Kg6 39. Rg8+
Kh7 40. Rb8 Kg7 41. Kf1 Kf6 42. Rh8 Kg5 43. Rg8+ Rg6 44. Rh8 Rh6 45. Re8 Kf6
46. Ke2 Ke6 47. Rd8 Ke5 48. Re8 Kd6 49. Rf8 Rf6 50. Rd8+ Kc5 51. Rd4 Rc6 52.
Rf4 f6 53. Kd3 e5 54. Rc4+ Kd5 55. e4+ Kd6 56. Rxc6+ Kxc6 57. Kc4 b5+ 58. axb5+
Kb6 59. Kd3 Kxb5 60. Kc3 Kc5 61. Kd3 Kb4 62. Kc2 a4 63. bxa4 Kxa4 64. Kc3 Ka3
 0-1